Les joueurs du gym depuis 2015 - Statistiques

Statistiques générales
  • Ce quiz a été pris 19 fois
  • Le résultat moyen est 46 sur 108
Statistiques - réponses
Position/Nationalité Joueur Nombre de matches % Correct
Défenseur/Brésil Dante 198
100%
Gardien/Argentine Walter Benitez 188
88%
Attaquant/Algérie Andy Delort 37
81%
Attaquant/Danemark Kasper Dolberg 85
81%
Attaquant/Italie Mario Balotelli 76
81%
Milieu/Côte d'Ivoire Jean Michaël Seri 123
75%
Milieu/France Khéphren Thuram 90
75%
Défenseur/Algérie Youcef Atal 84
75%
Milieu/France Hatem Ben Arfa 37
69%
Défenseur/Suisse Jordan Lotomba 70
69%
Milieu/Gabon Mario Lemina 36
69%
Défenseur/France Melvin Bard 37
69%
Milieu/Pays-Bas Pablo Rosario 40
69%
Gardien/France Yoan Cardinale 92
69%
Attaquant/France Alassane Pléa 100
63%
Milieu/Algérie Hicham Boudaoui 75
63%
Gardien/Pologne Marcin Bulka 6
63%
Milieu/France Morgan Schneiderlin 59
63%
Milieu/Pays-Bas Wesley Sneijder 8
63%
Attaquant/France Amine Gouiri 84
56%
Milieu/Pays-Bas Calvin Stengs 26
56%
Défenseur/Autriche Flavius Daniliuc 53
56%
Défenseur/France Jean-Clair Todibo 57
56%
Défenseur/France Maxime Le Marchand 81
56%
Attaquant/France Valère Germain 40
56%
Milieu/France Vincent Koziello 94
56%
Milieu/France Wylan Cyprien 109
56%
Attaquant/Guinée-Bissau Alexandre Mendy 21
50%
Défenseur/France Christophe Jallet 39
50%
Défenseur/Côte d'Ivoire Hassane Kamara 53
50%
Gardien/Tunisie Mouez Hassen 16
50%
Milieu/Sénégal Nampalys Mendy 59
50%
Milieu/France Pierre Lees-Melou 139
50%
Milieu/France Rémi Walter 74
50%
Milieu/Cameroun Adrien Tameze 85
44%
Attaquant/France Allan Saint-Maximin 74
44%
Défenseur/France Arnaud Souquet 70
44%
Attaquant/Tunisie Bassem Srarfi 69
44%
Défenseur/Brésil Dalbert 40
44%
Milieu/Brésil Danilo Barbosa 50
44%
Attaquant/France Evann Guessand 29
44%
Attaquant/Cameroun Ignatius Ganago 62
44%
Attaquant/Pays-Bas Justin Kluivert 31
44%
Défenseur/France Malang Sarr 119
44%
Défenseur/France Mathieu Bodmer 38
44%
Attaquant/France Mickaël Le Bihan 27
44%
Attaquant/France Myziane Maolida 63
44%
Défenseur/Portugal Ricardo Pereira 57
44%
Milieu/Portugal Rony Lopes 33
44%
Attaquant/Algérie Saïd Benrahma 10
44%
Gardien/France Simon Pouplin 1
44%
Milieu/France Valentin Eysseric 37
44%
Défenseur/France William Saliba 22
44%
Milieu/Maroc Younès Belhanda 36
44%
Attaquant/Algérie Adam Ounas 19
38%
Milieu/Madagascar Albert Rafetraniaina 2
38%
Milieu/France Alexis Claude-Maurice 72
38%
Attaquant/France Alexy Bosetti 2
38%
Attaquant/Grèce Anastasios Donis 22
38%
Défenseur/France Andy Pelmard 39
38%
Attaquant/Algérie Billal Brahimi 15
38%
Défenseur/France Christophe Hérelle 52
38%
Attaquant/Suisse Dan Ndoye 37
38%
Attaquant/France Ihsan Sacko 26
38%
Défenseur/France Jérémy Pied 35
38%
Défenseur/France Kévin Gomis 3
38%
Milieu/Maroc Mounir Obbadi 6
38%
Défenseur/Suède Niklas Hult 16
38%
Défenseur/France Olivier Boscagli 34
38%
Défenseur/France Paul Baysse 55
38%
Défenseur/Brésil Robson Bambu 23
38%
Défenseur/France Stanley Nsoki 44
38%
Milieu/France Arnaud Lusamba 31
31%
Défenseur/France Gautier Lloris 6
31%
Milieu/France Jean-Victor Makengo 35
31%
Milieu/France Jeff Reine-Adélaïde 18
31%
Défenseur/France Jordan Amavi 9
31%
Attaquant/France Lamine Diaby-Fadiga 7
31%
Attaquant/France Lucas Da Cunha 11
31%
Milieu/Mali Mahamane Traoré 13
31%
Défenseur/Brésil Marlon 27
31%
Défenseur/Sénégal Moussa Wagué 5
31%
Défenseur/France Patrick Burner 72
31%
Attaquant/France Paulin Puel 13
31%
Attaquant/Portugal Pedro Brazão 1
31%
Défenseur/Sénégal Racine Coly 34
31%
Défenseur/Danemark Riza Durmisi 5
31%
Défenseur/Haïti Romain Genevois 16
31%
Défenseur/France Romain Perraud 4
31%
Milieu/France Alexis Trouillet 8
25%
Attaquant/France Franck Honorat 7
25%
Milieu/Madagascar Jean-Stephan Raheriharimanana 5
25%
Attaquant/France Salim Ben Seghir 2
25%
Milieu/France Vincent Marcel 15
25%
Attaquant/Brésil Wallyson Mallmann 20
25%
Gardien/France Yannis Clementia 3
25%
Milieu/France Anthony Ranieri 2
19%
Milieu/Tunisie Assil Jaziri 3
19%
Attaquant/France Dorian Caddy 7
19%
Milieu/France Eddy Sylvestre 11
19%
Attaquant/France Hicham Mahou 11
19%
Défenseur/Côte d'Ivoire Ibrahim Cissé 2
19%
Milieu/France Malik Sellouki 4
19%
Milieu/France Paul Wade 1
19%
Milieu/France Jonathan Correia 4
13%
Attaquant/France Maxime Pélican 2
13%
Défenseur/France Noah Crétier 1
13%
Défenseur/France Théo Pionnier-Bertrand 1
13%
Aucun quiz correspondant
Distribution des résultats
% des personnes avec chaque résultat
Percentile par nombre de réponses
Votre historique - résultats
Vous n’avez pas pris ce quiz